Обзор алгоритмов для сервиса рекомендации книг; Информационные технологии в науке, управлении, социальной сфере и медицине; Ч. 1
| Parent link: | Информационные технологии в науке, управлении, социальной сфере и медицине: сборник научных трудов III Международной научной конференции, 23-26 мая 2016 г., Томск.— , 2016 Ч. 1.— 2016.— [С. 728-730] |
|---|---|
| Glavni avtor: | |
| Korporativna značnica: | |
| Izvleček: | Заглавие с титульного экрана This article describes recommendation systems methods and algorithms. It also it describes advantages and disadvantages of each method, analysis of similar recommendation services like service under development. The article describes the choice of recommendations algorithm is for the developing service. This article describes recommendation systems methods and algorithms. It also it describes advantages and disadvantages of each method, analysis of similar recommendation services like service under development. The article describes the choice of recommendations algorithm is for the developing service. |
| Jezik: | ruščina |
| Izdano: |
2016
|
| Serija: | Информационные технологии в телекоммуникационных и облачных вычислениях |
| Teme: | |
| Online dostop: | http://earchive.tpu.ru/handle/11683/31399 |
| Format: | Elektronski Book Chapter |
| KOHA link: | https://koha.lib.tpu.ru/cgi-bin/koha/opac-detail.pl?biblionumber=619581 |
MARC
| LEADER | 00000naa2a2200000 4500 | ||
|---|---|---|---|
| 001 | 619581 | ||
| 005 | 20231101133052.0 | ||
| 035 | |a (RuTPU)RU\TPU\conf\18017 | ||
| 035 | |a RU\TPU\conf\18016 | ||
| 090 | |a 619581 | ||
| 100 | |a 20160824d2016 k y0rusy50 ca | ||
| 101 | 0 | |a rus | |
| 102 | |a RU | ||
| 105 | |a y z 101zy | ||
| 135 | |a drgn ---uucaa | ||
| 181 | 0 | |a i | |
| 182 | 0 | |a b | |
| 200 | 1 | |a Обзор алгоритмов для сервиса рекомендации книг |d Review algorithms for sevice recommendations books |f К. С. Никитина | |
| 203 | |a Текст |c электронный | ||
| 225 | 1 | |a Информационные технологии в телекоммуникационных и облачных вычислениях | |
| 230 | |a 1 компьютерный файл (pdf; 363 Kb) | ||
| 300 | |a Заглавие с титульного экрана | ||
| 320 | |a [Библиогр.: с. 730 (3 назв.)] | ||
| 330 | |a This article describes recommendation systems methods and algorithms. It also it describes advantages and disadvantages of each method, analysis of similar recommendation services like service under development. The article describes the choice of recommendations algorithm is for the developing service. This article describes recommendation systems methods and algorithms. It also it describes advantages and disadvantages of each method, analysis of similar recommendation services like service under development. The article describes the choice of recommendations algorithm is for the developing service. | ||
| 461 | 1 | |0 (RuTPU)RU\TPU\conf\17281 |t Информационные технологии в науке, управлении, социальной сфере и медицине |o сборник научных трудов III Международной научной конференции, 23-26 мая 2016 г., Томск |o в 2 ч. |d 2016 | |
| 463 | 1 | |0 (RuTPU)RU\TPU\conf\17283 |t Ч. 1 |f Национальный исследовательский Томский политехнический университет (ТПУ) ; ред. кол. О. Г. Берестнева ; О. М. Гергет ; Т. А. Гладкова |v [С. 728-730] |d 2016 | |
| 510 | 1 | |a Review algorithms for sevice recommendations books |z eng | |
| 610 | 1 | |a труды учёных ТПУ | |
| 610 | 1 | |a электронный ресурс | |
| 610 | 1 | |a коллаборативные технологии | |
| 610 | 1 | |a фильтрация | |
| 610 | 1 | |a интеллектуальные системы | |
| 610 | 1 | |a алгоритмы | |
| 610 | 1 | |a пользователи | |
| 700 | 1 | |a Никитина |b К. С. | |
| 712 | 0 | 2 | |a Национальный исследовательский Томский политехнический университет (ТПУ) |c (2009- ) |2 stltpush |3 (RuTPU)RU\TPU\col\15902 |
| 801 | 2 | |a RU |b 63413507 |c 20160912 |g RCR | |
| 856 | 4 | |u http://earchive.tpu.ru/handle/11683/31399 | |
| 942 | |c BK | ||